00458nam a2200181Ia 450000500170000000800410001702000180005804100080007608200150008410000170009924500270011625000120014326000400015530000080019550000280020365000280023170000170025920251122105010.0230125s9999 xx 000 0 und d a9789386687869 aeng a158.1bTAP aTapariya J H aLife Skill Development a1st Ed. c2018bRawat PublicationsaNew Delhi a176 aPersonality Development aPersonality Development aTapariya J H